| 000 | 005990000a22002170004500 | ||
|---|---|---|---|
| 003 | LK-CoMWRAF | ||
| 005 | 20231222130443.0 | ||
| 008 | 230817t1996 ||||| |||| 00| 0 eng d | ||
| 020 | _a0815624077 | ||
| 040 |
_aLK-CoMWRAF _dLK-CoMWRAF _eLK-CoMWRAF |
||
| 041 | _aeng | ||
| 082 |
_a297.2 _bTAH |
||
| 100 | _aTaha, Mahmoud Mohamed | ||
| 245 | _aThe Second message of Islam | ||
| 260 |
_aNew York : _bSyracuse, _c1996 |
||
| 300 |
_a178 p. _bGlossary and index included |
||
| 650 | _aIslam-20th century | ||
| 650 | _aIslam -- Doctrines | ||
| 700 |
_aAn-Naim, Abdullahi Ahmed _etrans. |
||
| 942 | _cBK | ||
| 999 |
_c477 _d477 |
||